| 000 | 01491nam a2200385 a 4500 | ||
|---|---|---|---|
| 001 | ebr10133025 | ||
| 003 | CaPaEBR | ||
| 006 | m u | ||
| 007 | cr cn||||||||| | ||
| 008 | 050916s2005 enka s 001 0 eng d | ||
| 010 | _z 2005281926 | ||
| 015 |
_aGBA461488 _2bnb |
||
| 016 | 7 |
_z012976750 _2Uk |
|
| 020 | _z1850436347 | ||
| 024 | 3 | _a9781850436348 | |
| 040 |
_aCaPaEBR _cCaPaEBR |
||
| 035 | _a(OCoLC)560143539 | ||
| 043 | _amm----- | ||
| 050 | 1 | 4 |
_aKBP2340 _b.S43 2005eb |
| 082 | 0 | 4 |
_a340.5/9 _222 |
| 245 | 0 | 0 |
_aShattering tradition _h[electronic resource] : _bcustom, law and the individual in the Muslim Mediterranean / _cedited by Walter Dostal & Wolfgang Kraus. |
| 260 |
_aLondon _aNew York : _bI.B. Tauris, _c2005. |
||
| 300 |
_aviii, 328 p. : _bill. |
||
| 490 | 1 |
_aIslamic Mediterranean ; _v8 |
|
| 500 | _aIncludes bibliographical references and index. | ||
| 533 |
_aElectronic reproduction. _bPalo Alto, Calif. : _cebrary, _d2013. _nAvailable via World Wide Web. _nAccess may be limited to ebrary affiliated libraries. |
||
| 650 | 0 |
_aCustomary law (Islamic law) _zMediterranean Region. |
|
| 650 | 0 |
_aIslamic law _zMediterranean Region. |
|
| 655 | 7 |
_aElectronic books. _2local |
|
| 700 | 1 |
_aDostal, Walter, _d1928- |
|
| 700 | 1 |
_aKraus, Wolfgang, _d1958- |
|
| 710 | 2 | _aebrary, Inc. | |
| 830 | 0 |
_aIslamic Mediterranean ; _v8. |
|
| 856 | 4 | 0 |
_uhttp://site.ebrary.com/lib/rucke/Doc?id=10133025 _zAn electronic book accessible through the World Wide Web; click to view |
| 999 |
_c79615 _d79615 |
||